Statistical analysis of geographic information: (Registro nro. 2669)
[ vista simple ]
| 000 -CABECERA | |
|---|---|
| Campo de control | 00790nam a2200253 a 4500 |
| 005 - FECHA Y HORA DE LA ULTIMA TRANSACCION | |
| Campo de control | 20200104041535.0 |
| 008 - ELEMENTOS DE LONGITUD FIJA—INFORMACION GENERAL | |
| Campo de control | 140306b2005 nju||||| |||| 00| 0 eng d |
| 020 ## - ISBN | |
| ISBN | 9780471468998 |
| 040 ## - FUENTE DE CATALOGACIÓN | |
| Agencia catalogadora original | CO-BoIAVH |
| Agencia transcriptora | CO-BoIAVH |
| 041 ## - IDIOMA | |
| Código de idioma para texto/pista de sonido o título separado | Inglés |
| 044 ## - PAÍS DE PUBLICACIÓN | |
| País de publicación | Estados Unidos |
| 082 ## - NUMERO DE CLASIFICACION DECIMAL DEWEY | |
| Número de clasificación | 526.0285 |
| Número del ítem | W87s |
| 100 1# - ASIENTO PRINCIPAL--NOMBRE PERSONAL | |
| Nombre personal | Wong, David W. |
| 9 (RLIN) | 16956 |
| 245 10 - MENCION DE TITULO | |
| Título | Statistical analysis of geographic information: |
| Parte restante del título | with ArcView GIS and ArcGIS. |
| 260 ## - PUBLICACION, DISTRIBUCION, ETC. (PIE DE IMPRENTA) | |
| Lugar de publicación, distribución, etc. | New Jersey: |
| Nombre del editor, distribuidor, etc. | John Wiley and Sons, |
| Fecha de publicación, distribución, etc. | 2005. |
| 300 ## - DESCRIPCION FISICA | |
| Extensión | 441 páginas. |
| Dimensiones | 24 centímetros. |
| 650 26 - ASIENTO SECUNDARIO DE MATERIA - TERMINO TEMATICO | |
| Término temático o nombre geográfico como elemento de entrada | Sistemas de información geográfica |
| Subdivisión general | geografía matemática |
| 9 (RLIN) | 41876 |
| 650 16 - ASIENTO SECUNDARIO DE MATERIA - TERMINO TEMATICO | |
| Término temático o nombre geográfico como elemento de entrada | Estadística |
| 9 (RLIN) | 94 |
| 650 14 - ASIENTO SECUNDARIO DE MATERIA - TERMINO TEMATICO | |
| Término temático o nombre geográfico como elemento de entrada | Geoestadística |
| 9 (RLIN) | 10370 |
| 650 14 - ASIENTO SECUNDARIO DE MATERIA - TERMINO TEMATICO | |
| Término temático o nombre geográfico como elemento de entrada | ArcView |
| 9 (RLIN) | 16958 |
| 650 14 - ASIENTO SECUNDARIO DE MATERIA - TERMINO TEMATICO | |
| Término temático o nombre geográfico como elemento de entrada | ArcGis |
| 9 (RLIN) | 41878 |
| 700 1# - ASIENTO SECUNDARIO - NOMBRE PERSONAL | |
| Nombre personal | Lee, Jay |
| 9 (RLIN) | 16959 |
| 942 ## - ELEMENTOS ADICIONALES (KOHA) | |
| Tipo de ítem | Libro |
| Sistema de clasificación | Dewey Decimal Classification |
| Withdrawn status | Lost status | Sistema de Clasificación | Damaged status | No para préstamo | Colección | Inventariado | Ubicación Permanente | Ubicación actual | Fecha de adquisición | Fuente de Valor | Total Checkouts | Total Renewals | Número topográfico | Inventario / Código de Barras | Date last seen | Date checked out | Ejemplar | Price effective from | Forma de adquisición | Tipo de material |
|---|---|---|---|---|---|---|---|---|---|---|---|---|---|---|---|---|---|---|---|---|
| Dewey Decimal Classification | General | Inventariado 2017 | Bogotá | Bogotá | 28/02/2006 | Amazon | 1 | 4 | LB-526.0285 W87s | 018521 | 05/08/2014 | 24/10/2013 | Ej. 1 | 04/12/2012 | Compra | Libro | ||||
| Local | General | Villa de Leyva | Villa de Leyva | 28/02/2006 | Bernal, Nestor | LB-02476 | 018522 | 04/12/2012 | Ej. 2 | 04/12/2012 | Compra | Libro |